Premier League - Trivia - Statistics

General Stats
  • This quiz has been taken 330 times
    321 since last reset
  • The average score is 12 of 15
Answer Stats
Hint Answer % Correct
Name a Premier League team who play in London Arsenal | Brentford | Chelsea | Crystal Palace | Fulham | QPR | Tottenham Hotspur | West Ham | Wimbledon
96%
Nationality of Kevin De Bruyne Belgium
94%
Who was Leicester's top scorer during their title winning season? Jamie Vardy
94%
Which team won the first Premier League? Manchester United
94%
Which manager has won the Premier League 13 times? Alex Ferguson
93%
Which player holds the record for the most amount of goals in one season? Erling Haaland
87%
Who was the last Premier League player to win the Ballon D'Or? Cristiano Ronaldo
84%
Who won the 1994/95 Premier League season? Blackburn Rovers
81%
Highest Scoring African player in Premier League history Mohamed Salah
78%
With 202 clean sheets, which goalkeeper has the best record in the Premier League? Petr Čech
78%
Which player scored the fastest hat-trick in the Premier League? Sadio Mané
72%
Which team holds the record for the least amount of points at the end of a season? Derby County
68%
Who is the most expensive goalkeeper ever? Kepa Arrizabalaga
67%
Which player with the most assists in Premier League history? Ryan Giggs
62%
What was the name of Manchester City's old stadium called? Maine Road
35%
No matching quizzes found
Score Distribution
Percent of People with Each Score
Percentile by Number Answered
Your Score History
You have not taken this quiz since the last reset